| 000 | 00892nam a22001697a 4500 | ||
|---|---|---|---|
| 008 | 090813t xxu||||| |||| 00| 0 eng d | ||
| 020 | _a9770192678 | ||
| 082 |
_a239.9 _bع ق ا |
||
| 245 |
_aعبقرية عمر/ _cعباس محمود العقاد |
||
| 260 |
_aالقاهرة: _bالهيئة المصرية العامة للكتاب، _c2004 |
||
| 300 |
_a؛ 269 ص _c18 سم |
||
| 490 | _aالفكر الدينى الحديث | ||
| 650 |
_98440 _aالصحابة والتابعون |
||
| 942 |
_2ddc _cBB |
||
| 999 |
_c12576 _d12576 |
||